000 00953cab a22002295a 4500
001 L156325
008 120514e20120428xxk 000 0 eng d
035 _a(Sirsi) u156325
041 0 _aeng
100 1 _aCavanagh, Elaine
245 0 0 _aFocus
_bBristol, Bath and Swindon
260 _c2012
490 _aEstates Gazette
_v(1217) 28 April 2012, 79-101(16)
520 _aIncludes information on the fortunes of the key shopping centre landlords in the region including Cabot Circus in Bristol and The Mall at Cribbs Causeway. Also features the office market and enterprise zones in the three areas and problems with the planning process in Bristol which has dismayed developers who argue the city is at risk of losing two major cash raising sports venues.
590 _aKA
690 _aCommercial property
_96227
700 1 _aElghamry, Nadia
700 1 _aHamilton, Helen
700 1 _aJack, Simon
700 1 _aHamilton, Helen
942 _n0
999 _c83987
_d83987